Niedersachsen Wappen der Landkreise - Statistiken

Allgemein
  • Dieses Quiz wurde 30 mal gespielt
  • Das Durchschnittsergebnis liegt bei 20 aus 45
Antwortstatistiken
Bildquiz Antwort % Korrekt
Wolfsburg
62%
Landkreis Lüchow-Dannenberg
57%
Landkreis Wittmund
57%
Braunschweig
52%
Heidekreis
52%
Landkreis Schaumburg
52%
Osnabrück (Stadt)
52%
Landkreis Ammerland
48%
Landkreis Aurich
48%
Landkreis Cuxhaven
48%
Landkreis Gifhorn
48%
Landkreis Stade
48%
Salzgitter
48%
Wilhelmshaven
48%
Emden
43%
Landkreis Celle
43%
Landkreis Cloppenburg
43%
Landkreis Emsland
43%
Landkreis Friesland
43%
Landkreis Göttingen
43%
Landkreis Grafschaft Bentheim
43%
Landkreis Hildesheim
43%
Landkreis Lüneburg
43%
Landkreis Oldenburg
43%
Landkreis Osnabrück
43%
Landkreis Rotenburg (Wümme)
43%
Landkreis Uelzen
43%
Oldenburg (Stadt)
43%
Region Hannover
43%
Delmenhorst
38%
Landkreis Diepholz
38%
Landkreis Hameln-Pyrmont
38%
Landkreis Harburg
38%
Landkreis Helmstedt
38%
Landkreis Holzminden
38%
Landkreis Leer
38%
Landkreis Nienburg/Weser
38%
Landkreis Northeim
38%
Landkreis Osterholz
38%
Landkreis Peine
38%
Landkreis Vechta
38%
Landkreis Verden
38%
Landkreis Wesermarsch
38%
Landkreis Goslar
33%
Landkreis Wolfenbüttel
33%
Keine übereinstimmenden Quizze gefunden
Verteilung der Resultate
Anzahl Personen mit jedem Resultat
Perzentil nach korrekt beantworteten Fragen
Ihre Resultats-Entwicklung
Sie haben dieses Quiz noch nicht gespielt